MARC

LEADER 00000nam0a2200000 4500
001 303780
005 20231102001634.0
035 |a (RuTPU)RU\TPU\book\329008 
090 |a 303780 
100 |a 20150904d1983 km y0rusy50 ca 
101 1 |a rus  |c fre 
102 |a RU 
105 |a ac z 001zy 
200 1 |a Африканская действительность в африканской литературе  |e этнолитературный очерк  |f Ж. Оканза 
210 |a Москва  |c Радуга  |d 1983 
215 |a 272 с.  |c ил. 
320 |a Библиогр.: с. 267-268 
606 1 |a Африканская литература  |2 stltpush  |3 (RuTPU)RU\TPU\subj\29821  |9 53077 
606 1 |a Этнология  |2 stltpush  |3 (RuTPU)RU\TPU\subj\68448  |9 83759 
610 1 |a Африка 
610 1 |a африканские страны 
610 1 |a этнографические исследования 
610 1 |a культура 
610 1 |a культурные традиции 
610 1 |a женщины 
610 1 |a общественное положение 
610 1 |a взаимоотношения 
610 1 |a досуг 
610 1 |a верования 
610 1 |a суеверия 
610 1 |a колдовство 
610 1 |a жизнь 
610 1 |a смерть 
610 1 |a колониализм 
675 |a 896  |v 4 
686 |a Т5  |2 rubbk 
700 1 |a Оканза  |b Ж.  |g Жакоб 
801 1 |a RU  |b 63413507  |c 20150904 
801 2 |a RU  |b 63413507  |c 20190416  |g RCR 
942 |c BK